[Event "BdF-Smaragd 07 email"]
[Site "GER email"]
[Date "2016.06.26"]
[Round "?"]
[White "Baranyuk, Andrey"]
[Black "Sciurti, Domenico"]
[Result "1-0"]
[WhiteElo "2276"]
[BlackElo "2181"]
[PlyCount "65"]
[EventDate "2016.??.??"]
[EventType "tourn (corr)"]
[EventRounds "16"]
[EventCountry "GER"]
[SourceTitle "Corr 2017"]
[Source "ChessBase"]
[SourceDate "2017.09.19"]
[SourceVersion "1"]
[SourceVersionDate "2017.09.19"]
[SourceQuality "1"]

1. e4 c5 2. Nf3 Nc6 3. Bb5 e6 4. Bxc6 bxc6 5. d3 Qc7 6. 0-0 Ne7 7. Ng5 h6 8. Nh3 d6 9. f4 g6 10. Bd2 Bg7 11. Bc3 Bd4+ 12. Kh1 Rb8 13. Nd2 0-0 14. Qe1 Bxc3 15. bxc3 f5 16. c4 fxe4 17. Nxe4 Nf5 18. Ng1 Qe7 19. Nf3 Kh7 20. c3 Ng7 21. g4 Rb2 22. g5 Nh5 23. Qc1 Rb7 24. gxh6 Kxh6 25. d4 cxd4 26. cxd4 Kg7 27. c5 dxc5 28. Nxc5 Rb6 29. Qc3 Qd6 30. Rae1 Nxf4 31. Re5 Rf5 32. Ne4 Qb4 33. Qe3 1-0

[Event "BdF-Smaragd 07 email"]
[Site "GER email"]
[Date "2016.06.26"]
[Round "?"]
[White "Levandovska, Vira"]
[Black "Sciurti, Domenico"]
[Result "1/2-1/2"]
[WhiteElo "2199"]
[BlackElo "2181"]
[PlyCount "43"]
[EventDate "2016.??.??"]
[EventType "tourn (corr)"]
[EventRounds "16"]
[EventCountry "GER"]
[SourceTitle "Corr 2017"]
[Source "ChessBase"]
[SourceDate "2017.09.19"]
[SourceVersion "1"]
[SourceVersionDate "2017.09.19"]
[SourceQuality "1"]

1. e4 c5 2. Nf3 d6 3. d4 cxd4 4. Nxd4 Nf6 5. Nc3 a6 6. Be2 e5 7. Nb3 Be7 8. 0-0 0-0 9. Re1 Be6 10. Bf1 Qc7 11. a4 Nbd7 12. a5 Rad8 13. Nd5 Nxd5 14. exd5 Bf5 15. c3 Bg6 16. Ra4 Rde8 17. Rc4 Qb8 18. g3 f5 19. Rb4 Qc8 20. Nd2 Nc5 21. Nc4 f4 22. gxf4 1/2-1/2

[Event "BdF-Smaragd 07 email"]
[Site "GER email"]
[Date "2016.06.26"]
[Round "?"]
[White "Neuburger, Irene"]
[Black "Sciurti, Domenico"]
[Result "1-0"]
[WhiteElo "2050"]
[BlackElo "2181"]
[PlyCount "67"]
[EventDate "2016.??.??"]
[EventType "tourn (corr)"]
[EventRounds "16"]
[EventCountry "GER"]
[SourceTitle "Corr 2017"]
[Source "ChessBase"]
[SourceDate "2017.09.19"]
[SourceVersion "1"]
[SourceVersionDate "2017.09.19"]
[SourceQuality "1"]

1. e4 c5 2. Nf3 d6 3. d4 cxd4 4. Nxd4 Nf6 5. Nc3 a6 6. Be2 e5 7. Nb3 Be7 8. 0-0 0-0 9. Be3 Nc6 10. f3 a5 11. Bb5 Be6 12. Qe2 Na7 13. Bc4 Bxc4 14. Qxc4 b5 15. Qd3 b4 16. Nd5 Nxd5 17. Qxd5 a4 18. Qb7 axb3 19. cxb3 Bg5 20. Bxa7 Qc8 21. Qxc8 Rfxc8 22. Bf2 Rc2 23. a4 Rxb2 24. Rfb1 Rc2 25. a5 Ra6 26. Ra4 g6 27. Bb6 Bd2 28. Rba1 Rc6 29. Kf1 f5 30. Ke2 Bc3 31. Rd1 Kf7 32. Rd5 Ke6 33. Rb5 Rc8 34. Be3 1-0

[Event "BdF-Smaragd 07 email"]
[Site "GER email"]
[Date "2016.06.26"]
[Round "?"]
[White "Scharf, Norbert"]
[Black "Sciurti, Domenico"]
[Result "1/2-1/2"]
[WhiteElo "2220"]
[BlackElo "2181"]
[PlyCount "34"]
[EventDate "2016.??.??"]
[EventType "tourn (corr)"]
[EventRounds "16"]
[EventCountry "GER"]
[SourceTitle "Corr 2017"]
[Source "ChessBase"]
[SourceDate "2017.09.19"]
[SourceVersion "1"]
[SourceVersionDate "2017.09.19"]
[SourceQuality "1"]

1. Nf3 d5 2. d4 Nf6 3. c4 c6 4. Nc3 e6 5. e3 Nbd7 6. Qc2 Bd6 7. Be2 0-0 8. 0-0 dxc4 9. Bxc4 a6 10. Rd1 b5 11. Bd3 Bb7 12. Ng5 h6 13. Nge4 Bc7 14. Nxf6+ Nxf6 15. Ne4 Nxe4 16. Bxe4 Qe7 17. b3 Bd6 1/2-1/2

[Event "GER HS-197 email"]
[Site "GER email"]
[Date "2016.01.11"]
[Round "?"]
[White "Jansen, Uwe"]
[Black "Sciurti, Domenico"]
[Result "1/2-1/2"]
[WhiteElo "1956"]
[BlackElo "1914"]
[PlyCount "88"]
[EventDate "2016.01.16"]
[EventType "tourn (corr)"]
[EventRounds "6"]
[EventCountry "GER"]
[SourceTitle "Corr 2020"]
[Source "ChessBase"]
[SourceDate "2019.09.30"]
[SourceVersion "1"]
[SourceVersionDate "2019.09.30"]
[SourceQuality "1"]

1. d4 f5 2. Nc3 Nf6 3. Bg5 d5 4. Bxf6 exf6 5. e3 c6 6. Bd3 Na6 7. Qf3 Qa5 8. Nge2 g6 9. 0-0-0 Nb4 10. Kb1 Nxd3 11. Rxd3 Bd7 12. a3 Bd6 13. h4 0-0-0 14. g3 Kb8 15. Qg2 Rdg8 16. Nc1 g5 17. Qf3 Qc7 18. hxg5 fxg5 19. Rh6 Rg6 20. Qh5 Rxh6 21. Qxh6 Be7 22. Rd1 Qd6 23. Qxd6+ Bxd6 24. Nd3 Kc7 25. Ne2 h5 26. Rh1 Be7 27. Kc1 a5 28. Kd2 Rh7 29. Ne1 b6 30. f4 g4 31. Ng2 Bf6 32. Nh4 c5 33. b3 Kd6 34. a4 Ke6 35. Ng6 Rh6 36. Nf8+ Ke7 37. Nxd7 Kxd7 38. Ke1 h4 39. gxh4 Rxh4 40. Rxh4 Bxh4+ 41. Kf1 c4 42. Nc3 Kd6 43. Nb5+ Kc6 44. Na7+ Kd7 1/2-1/2

[Event "GER HS-197 email"]
[Site "GER email"]
[Date "2016.01.11"]
[Round "?"]
[White "Sciurti, Domenico"]
[Black "Lukas, Maritta"]
[Result "1/2-1/2"]
[WhiteElo "1914"]
[BlackElo "1930"]
[PlyCount "47"]
[EventDate "2016.01.16"]
[EventType "tourn (corr)"]
[EventRounds "6"]
[EventCountry "GER"]
[SourceTitle "Corr 2020"]
[Source "ChessBase"]
[SourceDate "2019.09.30"]
[SourceVersion "1"]
[SourceVersionDate "2019.09.30"]
[SourceQuality "1"]

1. e4 e6 2. d4 d5 3. Nc3 Bb4 4. e5 c5 5. a3 Bxc3+ 6. bxc3 Ne7 7. Qg4 0-0 8. Bd3 Nbc6 9. Qh5 Ng6 10. Nf3 Qc7 11. Be3 c4 12. Bxg6 fxg6 13. Qg4 Bd7 14. h4 Rf5 15. h5 Rxh5 16. Rxh5 gxh5 17. Qxh5 Qc8 18. Qh3 Qe8 19. Kd2 Ne7 20. Rh1 Qg6 21. Nh4 Qf7 22. g4 h6 23. Ng2 Ba4 24. g5 1/2-1/2

[Event "GER HS-193 email"]
[Site "GER email"]
[Date "2015.11.05"]
[Round "?"]
[White "Sciurti, Domenico"]
[Black "Friedrich, Gerhard"]
[Result "1-0"]
[WhiteElo "1809"]
[BlackElo "1885"]
[PlyCount "123"]
[EventDate "2015.11.11"]
[EventType "tourn (corr)"]
[EventRounds "6"]
[EventCountry "GER"]
[SourceTitle "Corr 2020"]
[Source "ChessBase"]
[SourceDate "2019.09.30"]
[SourceVersion "1"]
[SourceVersionDate "2019.09.30"]
[SourceQuality "1"]

1. e4 e5 2. Nf3 Nc6 3. Bb5 a6 4. Ba4 d6 5. c3 Nf6 6. 0-0 Be7 7. d3 0-0 8. h3 b5 9. Bc2 h6 10. Re1 Re8 11. d4 exd4 12. cxd4 Nb4 13. Bb3 c5 14. a3 Nc6 15. Nc3 c4 16. Bc2 Bb7 17. d5 Ne5 18. Nd4 Qc7 19. Be3 Nfd7 20. f4 Ng6 21. Nf5 Bf6 22. Qg4 Kh8 23. Rad1 Rad8 24. Ng3 Bh4 25. Rf1 Be7 26. Qf3 Bh4 27. Nh5 Bf6 28. Nxf6 Nxf6 29. Bd4 Qe7 30. Rde1 Kg8 31. Ne2 Bc8 32. Ng3 Nf8 33. b3 cxb3 34. Bxb3 Ng6 35. Qc3 Nf8 36. Re3 N8h7 37. Bb6 h5 38. Bxd8 Qxd8 39. Qd4 h4 40. Ne2 Re7 41. e5 Ne8 42. Qd2 Qb6 43. Nd4 g6 44. Nc6 Rb7 45. Kh2 Bf5 46. Rc3 a5 47. Qe1 Qc7 48. Qxh4 a4 49. Ba2 Kg7 50. g4 Be4 51. Qe1 f5 52. gxf5 Bxf5 53. Nd4 Qd7 54. e6 Qe7 55. Nxf5+ gxf5 56. Rg1+ Kf8 57. Rg6 Nhf6 58. Qh4 Ng8 59. Qh5 Qh7 60. Qxf5+ Ke7 61. Qg5+ Kf8 62. Rc8 1-0